000 01065nam a2200277Ia 4500
003 OSt
005 20220923224545.0
006 a|||||r|||| 00| 0
007 ta
008 220922b |||||||| |||| 00| 0 hin d
020 _c170
024 _a241,642
037 _bL/001095-R, 11/03/2010, Bharatiya Gyanpith
_cTextual
040 _aARTS
_cARTS
_bhin
041 _2hin
_ahin
082 _aO152,3M80x, M8
100 _aगोयनका, कमलकिशोर, संपा.
245 0 _aप्रेमचन्द का अप्राप्य साहित्य
246 _aPremachanda kā aprāpya sāhitya
260 _aनयी दिल्ली
_b भारतीय ज्ञानपीठ प्रकाशन
_c1988
300 _a728पृ.
_ccm.
490 _vभाग 2
650 _aहिन्दी साहित्य
_9156264
942 _hO152,3M80x, M8
_cTEXL
_2CC
999 _c372174
_d372174